Recents advances in gelatin and glue research

Guardat en:
Dades bibliogràfiques
Autor principal: Stainsby, G (Autor)
Format: Llibre
Idioma:anglès
Publicat: Londres Pergamon Press 1958
Edició:1a. ed
Matèries:
Etiquetes: Afegir etiqueta
Sense etiquetes, Sigues el primer a etiquetar aquest registre!

MARC

LEADER 00000cam a2200000 a 4500
001 UCC6737
003 CL-VaPUC
005 20230410112803.0
008 190103e19580000uk 1 eng d
082 0 4 |a 641.41  |b STA  |2 21 
100 1 |a Stainsby, G  |e author  |9 622360 
245 1 0 |a Recents advances in gelatin and glue research 
250 |a 1a. ed 
260 |a Londres  |b Pergamon Press  |c 1958 
300 |a 277 p 
583 |a last modification  |c 20190909 09:34:55  |k Rodrigo Vera 
650 0 7 |a GELATINA  |2 CL-VaPUC  |9 406237 
650 0 0 |a Coloides  |9 259819 
650 0 7 |a PROPIEDADES COLOIDALES  |2 CL-VaPUC  |9 407872 
942 |c BK 
945 |a dcastane  |d 20190103 17:32:00 
546 |a En Inglés 
536 |a The British Gelatine and Glue Research Association 
518 |p Recents advances in gelatin and glue research, 1, Cambridge, 1-5 July 1957 
999 |c 384948  |d 384946 
952 |0 0  |1 0  |3 erd  |4 0  |6 641_410000000000000_STA_1958  |7 0  |8 A  |9 507961  |a BIBING  |b BIBING  |i 5526817  |o 641.41 STA 1958  |p 5526817  |r 2025-01-20  |w 2020-01-23  |y BK  |z Catalogado en:20190103  |k EIQ